000
00265nam a22001217a 4500
008
170905b xxu||||| |||| 00| 0 eng d
041
_a
eng
080
_a
616.12
100
_a
07
101
_a
MK
245
_a
"KAFAZI I KRAHËRORIT''
_c
IBRAHIMI,L
942
_2
udc
_c
BK
999
_c
26125
_d
26125